| 000 | 00000nam##2200000za#4500 |
| 001 | 9.579008 |
| 003 | CaOODSP |
| 005 | 20210624190346 |
| 007 | cr ||||||||||| |
| 008 | 150406|1993||||xxc|||||o f|0| 0 eng|d |
| 022 | |a1488-5379 |
| 040 | |aCaOODSP|beng |
| 043 | |an-cn--- |
| 086 | 1 |aFs97-6/1917E-PDF |
| 110 | 1 |aCanada. |bDepartment of Fisheries and Oceans. |
| 245 | 10|aWater chemistry and sediment core data from Pictou Harbour and the East River Estuary / |h[electronic resource]|cby J.A. Dalziel, P.A. Yeats and D.H. Loring. |
| 260 | |aDartmouth - Nova Scotia : |bFisheries and Oceans Canada |c1993. |
| 300 | |a84p.|bfigs., references, tables |
| 490 | 1 |aCanadian technical report of fisheries and aquatic sciences|x1488-5379|vNo. 1917 |
| 500 | |aOn t.p.: Bedford Institute of Oceanography, Dartmouth, Nova Scotia. The catalogue number and ISSN for the print edition appear in the PDF version. |
| 546 | |a(Résumé en français) |
| 590 | |a14-05-Supp|b2014-02-26 |
| 720 | 1 |aYeats, P. A. |
| 720 | 1 |aLoring, D. H. |
| 720 | 1 |aDalziel, J. A. |
| 830 | #0|aCanadian technical report of fisheries and aquatic sciences,|x1488-5379|vNo. 1917|w(CaOODSP)9.504449 |
| 856 | 40|ahttp://publications.gc.ca|qPDF|s4068 KB|uhttps://publications.gc.ca/collections/collection_2014/mpo-dfo/Fs97-6-1917-eng.pdf|yNo. 1917 |